Odlíšenie pomocou loga
Vývoj čokoládovní Figaro po roku 1989. Nový dizajn a nové logo spoločnosti Jacobs Suchard Figaro. Sponzoring Opery SND a finančná podpora kultúrno-vzdelávacích podujatí. Súťaže uskutočnené Figarom v minulom a tomto roku.
Gespeichert in:
| 1. Verfasser: | |
|---|---|
| Format: | Buch |
| Sprache: | Slowakisch |
| Schlagworte: | |
| Tags: |
Keine Tags, Fügen Sie das erste Tag hinzu!
|
MARC
| LEADER | 00000nam a2200000 4500 | ||
|---|---|---|---|
| 001 | r031857 | ||
| 005 | 20230922094659.5 | ||
| 041 | 0 | |a slo | |
| 044 | |a SK | ||
| 245 | 1 | 0 | |a Odlíšenie pomocou loga |c Milena Rážová |
| 520 | |a Vývoj čokoládovní Figaro po roku 1989. Nový dizajn a nové logo spoločnosti Jacobs Suchard Figaro. Sponzoring Opery SND a finančná podpora kultúrno-vzdelávacích podujatí. Súťaže uskutočnené Figarom v minulom a tomto roku. | ||
| 610 | 2 | 0 | |a kampane reklamné |
| 610 | 2 | 0 | |a rozvoj podniku |
| 610 | 2 | 0 | |a propagácia |
| 610 | 2 | 0 | |a podpora predaja |
| 610 | 2 | 0 | |a logo |
| 610 | 2 | 0 | |a sponzorovanie |
| 610 | 2 | 0 | |a Slovensko |
| 610 | 2 | 0 | |a dizajn |
| 610 | 2 | 0 | |a čokoláda |
| 610 | 2 | 0 | |a Jacobs Suchard Figaro, a.s. Bratislava |
| 100 | 1 | |a Rážová, Milena | |